000 00705nam a2200265Ia 4500
005 20260121165540.0
008 008 260114s9999 xx 000 0 eng d
020 _a9783319448176
037 _aEBOOK
040 _aCRL
040 _beng
040 _cCRL
041 _2eng
041 _aeng
084 _qCRL
100 _aChristian Kreiner, Rory V. O'Connor, Alexander Poth, Richard Messnarz
_91053102
245 0 _aSystems, Software and Services Process Improvement
260 _bSpringer
260 _bSpringer
260 _c2016
856 _uhttps://link.springer.com/openurl?genre=book&isbn=978-3-319-44817-6
942 _cEBOOK
999 _c1618828
_d1618828